The history and antiquities of the abbey church of St. Peter, Westminster (Record no. 114371)
[ view plain ]
| 000 -LEADER | |
|---|---|
| fixed length control field | 00851cam a22001815a 4500 |
| 001 - CONTROL NUMBER | |
| control field | L156703 |
| 008 - FIXED-LENGTH DATA ELEMENTS--GENERAL INFORMATION | |
| fixed length control field | 120626m18181823xxk f 000 0 eng d |
| 035 ## - SYSTEM CONTROL NUMBER | |
| System control number | (Sirsi) u156703 |
| 041 0# - LANGUAGE CODE | |
| Language code of text/sound track or separate title | eng |
| 100 1# - MAIN ENTRY--PERSONAL NAME | |
| Personal name | Brayley, E. W. |
| Fuller form of name | (Edward Wedlake) |
| Dates associated with a name | 1773-1854 |
| 245 04 - TITLE STATEMENT | |
| Title | The history and antiquities of the abbey church of St. Peter, Westminster |
| Remainder of title | including notices and biographical memoirs of the abbots and deans of that foundation |
| Statement of responsibility, etc. | Illustrated by John Preston Neale. The whole of the literary department by Edward Wedlake Brayley |
| 260 ## - PUBLICATION, DISTRIBUTION, ETC. | |
| Place of publication, distribution, etc. | London |
| Name of publisher, distributor, etc. | Published by the proprietor, J. P. Neale, and sold also by Longman, Hurst, Rees, Orme, and Brown |
| Date of publication, distribution, etc. | 1818-1823 |
| 300 ## - PHYSICAL DESCRIPTION | |
| Extent | 2 v., [62] plates |
| Other physical details | ill., plans |
| Dimensions | 31cm. |
| 520 ## - SUMMARY, ETC. | |
| Summary, etc. | Vol. 2: Printed for Hurst, Robinson, and Co. |
| 651 #4 - SUBJECT ADDED ENTRY--GEOGRAPHIC NAME | |
| Geographic name | London |
| 690 ## - LOCAL SUBJECT ADDED ENTRY--TOPICAL TERM (OCLC, RLIN) | |
| Topical term or geographic name as entry element | Conservation and restoration |
| 942 ## - ADDED ENTRY ELEMENTS (KOHA) | |
| Suppress in OPAC | 0 |
| Withdrawn status | Lost status | Source of classification or shelving scheme | Damaged status | Not for loan | Home library | Current library | Shelving location | Date acquired | Total Checkouts | Full call number | Barcode | Date last seen | Copy number | Price effective from | Koha item type |
|---|---|---|---|---|---|---|---|---|---|---|---|---|---|---|---|
| Dewey Decimal Classification | Historic collection | Historic collection | Historic collection | 26/06/2012 | FOLIO 1818 BRAYLEY VOL. 1 | 30078239 | 06/08/2019 | 1 | 06/08/2019 | Book | |||||
| Dewey Decimal Classification | Historic collection | Historic collection | Books | 27/02/2013 | FOLIO 1818 BRAYLEY VOL. 2 | 30078235 | 06/08/2019 | 1 | 06/08/2019 | Book |